| 000 | 00542nam a2200205 a 4500 | ||
|---|---|---|---|
| 001 | 59983 | ||
| 003 | BD-RjUL | ||
| 005 | 20211209080807.0 | ||
| 008 | 161228s1968 nyu||||| |||| 00| 0 eng d | ||
| 035 | _a(BD-RjUL)60107 | ||
| 040 |
_aBD-RjUL _beng _cBD-RjUL |
||
| 041 | _aeng | ||
| 082 |
_223 _a362.7 _bPAC 1968 |
||
| 100 | 1 | 0 |
_aPackman, Jean _9178429 |
| 245 |
_aChild case needs and numbers / _cJean Packman |
||
| 260 |
_aLondon : _bGeorge Allen, _c1968 |
||
| 300 |
_a247 p. : _bill ; _c21 cm |
||
| 650 |
_aChildren _9171131 |
||
| 942 |
_2ddc _cBK |
||
| 999 |
_c59983 _d59983 |
||